000 00399nab a2200145Ia 4500
003 ES-SlBCS
005 20210601125602.0
008 140529s2004 xxu||||| |||| 00| 0 eng d
041 _aeng
100 1 _aMartin, Mike
_9160731
245 0 4 _aThe Solomons' Decision
_c Mike Martin
650 0 4 _aMedicina
_914377
773 0 _tScience & Spirit
_gvol. 15, nº. 5, 2004, págs. 13-15
_wRev844
942 _cAR
999 _c532684
_d532684